<?xml version="1.0" encoding="UTF-8"?>
<collection xmlns="http://www.loc.gov/MARC21/slim">
 <record>
  <leader>01647nam a22002898a 4500</leader>
  <controlfield tag="001">00030759</controlfield>
  <controlfield tag="005">20171026081025.0</controlfield>
  <controlfield tag="008">130715s2009                  ||||||viesd</controlfield>
  <datafield tag="020" ind1=" " ind2=" ">
   <subfield code="c">2000</subfield>
  </datafield>
  <datafield tag="041" ind1="0" ind2="#">
   <subfield code="a">vie</subfield>
  </datafield>
  <datafield tag="082" ind1="1" ind2="4">
   <subfield code="a">530.076</subfield>
   <subfield code="b">T527T</subfield>
  </datafield>
  <datafield tag="245" ind1="1" ind2="0">
   <subfield code="a">Tuyển tập đề thi tuyển sinh THPT chuyên vật lí Đại học Quốc gia Hà Nội</subfield>
   <subfield code="b">Dùng cho học sinh các lớp 7,8,9. Đề thi từ năm học 1993-2006. Đề luyện tập và hướng dẫn giải chi tiết</subfield>
   <subfield code="c">Phạm Văn Bền, Lê Htanh Hoạch, Đặng Đình Tới</subfield>
  </datafield>
  <datafield tag="250" ind1="#" ind2="#">
   <subfield code="a">Tái bản lần thứ tư</subfield>
  </datafield>
  <datafield tag="260" ind1="#" ind2="#">
   <subfield code="a">Hà Nội</subfield>
   <subfield code="b">Giáo Dục</subfield>
   <subfield code="c">2009</subfield>
  </datafield>
  <datafield tag="300" ind1="#" ind2="#">
   <subfield code="a">228 tr.</subfield>
   <subfield code="b">minh họa</subfield>
   <subfield code="c">21 cm.</subfield>
  </datafield>
  <datafield tag="653" ind1="#" ind2="#">
   <subfield code="a">Bài giải</subfield>
  </datafield>
  <datafield tag="653" ind1="#" ind2="#">
   <subfield code="a">Trung học phổ thông chuyên</subfield>
  </datafield>
  <datafield tag="653" ind1="#" ind2="#">
   <subfield code="a">Đề thi tuyển sinh</subfield>
  </datafield>
  <datafield tag="653" ind1="#" ind2="#">
   <subfield code="a">Vật lí</subfield>
  </datafield>
  <datafield tag="700" ind1="1" ind2="#">
   <subfield code="a">Lê, Thanh Hoạch</subfield>
  </datafield>
  <datafield tag="700" ind1="1" ind2="#">
   <subfield code="a">Phạm, Văn Bền</subfield>
  </datafield>
  <datafield tag="700" ind1="1" ind2="#">
   <subfield code="a">Đặng, Đình Tới</subfield>
  </datafield>
  <datafield tag="852" ind1="#" ind2="#">
   <subfield code="b">Kho mượn</subfield>
   <subfield code="j">KM.0015433, KM.0015434, KM.0015435, KM.0015436, KM.0015437, KM.0015438, KM.0015439, KM.0015440, KM.0015441, KM.0015442, KM.0015443, KM.0015444, KM.0015445, KM.0015446, KM.0015447, KM.0015448, KM.0015449, KM.0015450, KM.0015451</subfield>
  </datafield>
  <datafield tag="852" ind1="#" ind2="#">
   <subfield code="j">KM.0015434</subfield>
   <subfield code="j">KM.0015433</subfield>
   <subfield code="j">KM.0015436</subfield>
   <subfield code="j">KM.0015437</subfield>
   <subfield code="j">KM.0015439</subfield>
   <subfield code="j">KM.0015440</subfield>
   <subfield code="j">KM.0015442</subfield>
   <subfield code="j">KM.0015443</subfield>
   <subfield code="j">KM.0015445</subfield>
   <subfield code="j">KM.0015448</subfield>
   <subfield code="j">KM.0015449</subfield>
   <subfield code="j">KM.0015450</subfield>
   <subfield code="j">KD.0014685</subfield>
   <subfield code="j">KM.0015435</subfield>
   <subfield code="j">KM.0015438</subfield>
   <subfield code="j">KM.0015441</subfield>
   <subfield code="j">KM.0015444</subfield>
   <subfield code="j">KM.0015446</subfield>
   <subfield code="j">KM.0015447</subfield>
   <subfield code="j">KM.0015451</subfield>
  </datafield>
  <datafield tag="852" ind1="#" ind2="#">
   <subfield code="b">Kho đọc</subfield>
   <subfield code="j">KD.0014685</subfield>
  </datafield>
  <datafield tag="910" ind1=" " ind2=" ">
   <subfield code="d">7/2013</subfield>
  </datafield>
  <datafield tag="980" ind1="#" ind2="#">
   <subfield code="a">Trung tâm Học liệu Lê Vũ Hùng, Trường Đại học Đồng Tháp</subfield>
  </datafield>
 </record>
</collection>
